000 01908nam a2200541 i 4500
001 16673
003 KOSZ 005
005 20201215105730.0
008 201215s1975 pl a f 000 0 pol
015 _aUWD 1976/198
035 _a991023347709705066
035 _a(PL-WaBN)b16398117-48omnis_nlop
035 _ab16398117
035 _a(OCoLC)749854220
035 _a(PL)b0000001639811
035 _a(EXLNZ-48OMNIS_NETWORK)9910177013605606
040 _aWA N
_cWA N
_dKOSZ 005/RW
041 1 _apol
_hrus
046 _k1972
080 _a338.5
080 _a658.8
100 1 _aKozlova, Kama Borisovna
_eAutor
245 1 0 _aTeoria ceny /
_cKama Kozłowa, Rewold Entow ; [tłumaczyli z rosyjskiego Jan Lenart, Anna Rosłan].
246 1 _iTytuł oryginału:
_aTeoriâ ceny,
_f1972
260 _aWarszawa :
_bPaństwowe Wydawnictwo Ekonomiczne,
_c1975.
300 _a240 stron :
_btabele, wykresy ;
_c21 cm.
336 _aTekst
_btxt
_2rdacontent
337 _aBez urządzenia pośredniczącego
_bn
_2rdamedia
338 _aWolumin
_bnc
_2rdacarrier
380 _aKsiążki
380 _aPublikacje naukowe
388 1 _a1901-2000
388 1 _a1945-1989
490 1 _aKrytyka Burżuazyjnej Ideologii i Rewizjonizmu
650 7 _aCeny
_2DBN
650 7 _aKapitalizm
650 7 _aEkonomia polityczna kapitalizmu
655 7 _aOpracowanie
658 _aGospodarka, ekonomia, finanse
700 1 _aÈntov, Revol'd Mihajlovič
_d(1931- )
_eAutor
700 1 _aLenart, Jan
_eTłumaczenie
700 1 _aRosłan, Anna
_eTłumaczenie
710 2 _aPaństwowe Wydawnictwo Ekonomiczne
_4pbl
830 0 _aKrytyka Burżuazyjnej Ideologii i Rewizjonizmu
856 _uhttp://koha.tu.koszalin.pl/cgi-bin/koha/opac-detail.pl?biblionumber=16673
_yKatalog online BPK
942 _2UKD
_cKS
999 _c16673
_d16673